00572nam a2200181Ia 4500008004100000020003300041040001900074041001200093082002800105245005100133260003000184300001700214440004900231504003000280650003500310700002400345850002100369131103s9999 xx 000 0 und d a0 9000997 28 1cP.B.G.12.00 aLoreto College aEnglish a823.08/VINbLCLIB/24130 aContemporary novelistscEdited by James Vinson aLondonbSt. James c1976c aV.2 c 23cm. aContemporary writers of the English language aIncludes appendix & notes aEnglish novelists - collection aVinson, James ; ed. aLCLIB/823.08/VIN